000 00552cam a22001815a 4500
001 L157637
008 130213s1846 xxk f 000 0 eng d
035 _a(Sirsi) u157637
041 0 _aeng
100 1 _aBolton, Bolton
245 0 2 _aA plan and proposal for the re-building of London, and for making other improvements therein
_bwith ways and means for so doing
260 _c1846
300 _a1 v.
_c34 cm.
583 _aCondition reviewed
_c20120620
_lcondition level 4
651 4 _aLondon
690 _aDesign and specification
942 _n0
999 _c114884
_d114884